| 000 | 00717nam a2200181 a 4500 | ||
|---|---|---|---|
| 001 | 000044751 | ||
| 005 | 20241015091655.0 | ||
| 008 | 150109d2014 dr a 000 0 spa d | ||
| 020 | _a9789945891232 | ||
| 040 |
_aDO-SdBNP _bspa _cBNPHU |
||
| 082 |
_axxxxxx _bxxxxxx |
||
| 100 | 1 |
_aArmenteros, Ernesto J. _926330 |
|
| 245 | 1 | 0 |
_aJesús nació en un cafetal y María Magdalena se redime / _cErnesto J. Armenteros; prólogo Fabio J. Guzmán Ariza; revisión y gestión editorial Ruth J. Ruiz Pérez. |
| 260 |
_aSanto Domingo : _bCorripio, _c2014. |
||
| 300 |
_a143 p. : _bil. ; _c23 cm. |
||
| 700 | 1 |
_aGuzmán A., Fabio J. _q(Fabio José Guzmán Ariza), _d1949- _epról. _930896 |
|
| 700 | 1 |
_aRuiz Pérez, Ruth J. _erev. _972754 |
|
| 999 |
_c44240 _d44240 |
||